Homosexuality and the western christian tradition

Đã lưu trong:
Chi tiết về thư mục
Tác giả chính: Bailey, Derrick Sherwin
Định dạng: Sách
Ngôn ngữ:Tiếng Anh
Các nhãn: Thêm thẻ
Không có thẻ, Là người đầu tiên thẻ bản ghi này!

MARC

LEADER 00000nam a2200000 4500
001 CDOM0000002608
003 mi
005 20251013120901.0
008 251013b |||||||| |||| 00| 0 eng d
040 |c mi 
100 |a Bailey, Derrick Sherwin 
245 1 |a Homosexuality and the western christian tradition  
942 |2 ddc  |c BK 
952 |0 0  |1 0  |2 ddc  |4 0  |7 0  |9 6094  |a MI  |b MI  |d 1988-01-02  |i 800  |l 0  |p CDOM800  |r 2025-07-13 16:28:00  |w 2025-07-13  |x ACQUISTO  |y BK 
999 |c 4867  |d 4867